000 00365nam a22001457a 4500
003 OSt
005 20160727222549.0
008 160714b xxu||||| |||| 00| 0 eng d
040 _cHealth Mathematics
100 _92859
_a Rucker, W.E., et al
245 _aHealth Mathematics
260 _aLexington
_b Health
_c1979
300 _aHealth Mathematics
942 _2lcc
_cBK
999 _c2434
_d2434